000 00324nam a2200145Ia 4500
008 230711s9999||||xx |||||||||||||| ||und||
041 _aENG
082 _a541
_bBL-M
100 _aBlooms Burns
245 0 _aMedicines
250 _a1str
260 _c1988
_aNew Delhi
_bCRC Press Florida
650 _aChemistry
942 _cBK
999 _c1176
_d1176